ბათუმის შოთა რუსთაველის სახელმწიფო უნივერსიტეტის ბიბლიოთეკა

კარგ ყმად ვთქვათ (ბიბ.ჩანაწერი № 49021)

000 -LEADER
fixed length control field 00985nam a2200241Ia 4500
001 - CONTROL NUMBER
control field 15926
003 - CONTROL NUMBER IDENTIFIER
control field GE_BSU
008 - FIXED-LENGTH DATA ELEMENTS--GENERAL INFORMATION
fixed length control field 181216s||||||||xx |||||||||||||| ||und||
040 ## - CATALOGING SOURCE
Transcribing agency GE_BSU
080 ## - UNIVERSAL DECIMAL CLASSIFICATION NUMBER
Universal Decimal Classification number 821.353.1-4
100 ## - MAIN ENTRY--PERSONAL NAME
Personal name ხერგიანი, მირონ
245 ## - TITLE STATEMENT
Title კარგ ყმად ვთქვათ
245 ## - TITLE STATEMENT
Remainder of title მხატვრული ნარკვევები
245 ## - TITLE STATEMENT
Statement of responsibility, etc. რედ.ზ.კილაძე. მხატვ.რ.მაჭარაშვილი
260 ## - PUBLICATION, DISTRIBUTION, ETC.
Place of publication, distribution, etc. თბილისი
260 ## - PUBLICATION, DISTRIBUTION, ETC.
Name of publisher, distributor, etc. საბჭ. საქართველო
260 ## - PUBLICATION, DISTRIBUTION, ETC.
Date of publication, distribution, etc. 1980
300 ## - PHYSICAL DESCRIPTION
Extent 349გვ. ; 20სმ.
653 ## - INDEX TERM--UNCONTROLLED
Uncontrolled term გზანი მშვდობისანი: თიანური დიალოგები; კარგ ყმად ვინა ვთქვათ?
653 ## - INDEX TERM--UNCONTROLLED
Uncontrolled term კარგ ყმად ვთქვათ
653 ## - INDEX TERM--UNCONTROLLED
Uncontrolled term მხატვრული ნარკვევები
942 ## - ADDED ENTRY ELEMENTS (KOHA)
Koha item type წიგნი
ეგზემპლარები
Withdrawn status Lost status Damaged status Not for loan Date acquired Barcode Date last seen Price effective from Koha item type
        2018-12-17 39425 2018-12-17 2018-12-17 წიგნი
        2018-12-17 39426 2018-12-17 2018-12-17 წიგნი